Creating a new teaching profession / (Record no. 552)
| 000 -LEADER | |
|---|---|
| fixed length control field | 02623cam a2200313 a 4500 |
| 001 - CONTROL NUMBER | |
| control field | 15936523 |
| 003 - CONTROL NUMBER IDENTIFIER | |
| control field | OSt |
| 005 - DATE AND TIME OF LATEST TRANSACTION | |
| control field | 20140116120831.0 |
| 008 - FIXED-LENGTH DATA ELEMENTS--GENERAL INFORMATION | |
| fixed length control field | 091008s2009 dcua 000 0 eng |
| 010 ## - LIBRARY OF CONGRESS CONTROL NUMBER | |
| LC control number | 2009041263 |
| 020 ## - INTERNATIONAL STANDARD BOOK NUMBER | |
| International Standard Book Number | 9780877667629 |
| 040 ## - CATALOGING SOURCE | |
| Transcribing agency | DLC |
| Modifying agency | DLC |
| 043 ## - GEOGRAPHIC AREA CODE | |
| Geographic area code | n-us--- |
| 050 00 - LIBRARY OF CONGRESS CALL NUMBER | |
| Classification number | LB1062.6.C74 2009 |
| 245 00 - TITLE STATEMENT | |
| Title | Creating a new teaching profession / |
| Statement of responsibility, etc | edited by Dan Goldhaber and Jane Hannaway. |
| 260 ## - PUBLICATION, DISTRIBUTION, ETC. (IMPRINT) | |
| Place of publication, distribution, etc | Washington, D.C. : |
| Name of publisher, distributor, etc | Urban Institute Press, |
| Date of publication, distribution, etc | 2009. |
| 300 ## - PHYSICAL DESCRIPTION | |
| Extent | xi, 335 p. : |
| Other physical details | ill. |
| 504 ## - BIBLIOGRAPHY, ETC. NOTE | |
| Bibliography, etc | Includes bibliographical references and index |
| 505 0# - FORMATTED CONTENTS NOTE | |
| Formatted contents note | Contents -- Why focus on human capital systems in K-12 and what we might learn from other countries or the private sector -- Overview -- Dan Goldhaber and Jane Hannaway -- Education for the third industrial revolution -- Alan S. Blinder -- Human capital policy and the quality of the teacher workforce -- Sean P. Corcoran -- Zooming in and zooming out: rethinking school district human resource management -- Michael M. Dearmond, Kathryn L. Shaw, and Patrick M. Wright -- Lessons from abroad: exploring cross-country differences in teacher development systems and what they mean for U.S. policy -- Dan Goldhaber -- Reform ideas -- The human capital challenge: toward a 21st-century teaching profession -- Frederick M. Hess -- Consequences of instructional technology for human resource needs in education -- Paul T. Hill -- Teacher deselection -- Eric A. Hanushek -- The estimation of teacher value added as a determinant of performance pay -- Steven G. Rivkin -- Modernizing teacher retirement benefit systems -- Robert M. Costrell, Richard W. Johnson, and Michael J. Podgursky -- Investing in human capital through teacher professional development -- Jennifer King Rice -- Politics of education reform/prospects for the teaching profession -- Reactions from an education school dean -- David H. Monk -- Reactions from an urban school superintendent -- Joel I. Klein -- Reactions from a teachers' union leader -- Randi Weingarten -- Reactions from an education policy wonk -- Andrew J. Rotherham -- Conclusion -- Dan Goldhaber and Jane Hannaway. |
| 650 #0 - SUBJECT ADDED ENTRY--TOPICAL TERM | |
| Topical term or geographic name as entry element | Academic achievement |
| Geographic subdivision | United States. |
| 650 #0 - SUBJECT ADDED ENTRY--TOPICAL TERM | |
| Topical term or geographic name as entry element | Effective teaching |
| Geographic subdivision | United States. |
| 650 #0 - SUBJECT ADDED ENTRY--TOPICAL TERM | |
| Topical term or geographic name as entry element | Educational productivity |
| Geographic subdivision | United States. |
| 650 #0 - SUBJECT ADDED ENTRY--TOPICAL TERM | |
| Topical term or geographic name as entry element | School improvement programs |
| Geographic subdivision | United States. |
| 700 1# - ADDED ENTRY--PERSONAL NAME | |
| Personal name | Goldhaber, Daniel D. |
| 700 1# - ADDED ENTRY--PERSONAL NAME | |
| Personal name | Hannaway, Jane. |
| 906 ## - LOCAL DATA ELEMENT F, LDF (RLIN) | |
| a | 7 |
| b | cbc |
| c | orignew |
| d | 1 |
| e | ecip |
| f | 20 |
| g | y-gencatlg |
| 942 ## - ADDED ENTRY ELEMENTS (KOHA) | |
| Source of classification or shelving scheme | |
| Koha item type | Book |
| Withdrawn status | Lost status | Source of classification or shelving scheme | Damaged status | Not for loan | Home library | Current library | Date acquired | Source of acquisition | Total Checkouts | Full call number | Barcode | Date last seen | Date checked out | Copy number | Price effective from | Koha item type |
|---|---|---|---|---|---|---|---|---|---|---|---|---|---|---|---|---|
| Riara University Library | Riara University Library | 24/10/2011 | Purchase | 1 | LB1062.6.C74 2009 | 2242/11 | 26/03/2018 | 15/09/2017 | C.1 | 24/10/2011 | Book | |||||
| Riara University Library | Riara University Library | 24/10/2011 | Purchase | LB1062.6.C74 2009 | 2243/11 | 24/10/2011 | C.2 | 24/10/2011 | Book | |||||||
| Riara University Library | Riara University Library | 24/10/2011 | Purchase | LB1062.6.C74 2009 | 2244/11 | 24/10/2011 | C.3 | 24/10/2011 | Book |
